[Event "BRA-ch U12 Girls"]
[Site "Florianopolis"]
[Date "2018.04.30"]
[Round "4"]
[White "Fonseca, Bianca Moura"]
[Black "Rodrigues Mota, Sophia Lorena"]
[Result "1-0"]
[WhiteElo "1763"]
[BlackElo "1642"]
[PlyCount "47"]
[EventDate "2018.04.28"]
[EventType "swiss"]
[EventRounds "6"]
[EventCountry "BRA"]
[SourceTitle "EXT 2021"]
[Source "ChessBase"]
[SourceDate "2020.10.23"]
[SourceVersion "1"]
[SourceVersionDate "2020.10.23"]
[SourceQuality "1"]

1. e4 c5 2. Nf3 e6 3. d4 cxd4 4. Qxd4 Nc6 5. Qd1 d6 6. Nc3 Nf6 7. Bg5 Be7 8. Bc4 Bd7 9. 0-0 0-0 10. Bxf6 Bxf6 11. Qxd6 Be7 12. Qg3 h6 13. Rad1 Qc8 14. Ne5 Qc7 15. Nxd7 Bd6 16. Rxd6 Rad8 17. Rfd1 Na5 18. Bb5 a6 19. Nf6+ Kh8 20. Nh5 Rg8 21. Rxd8 Qxg3 22. Nxg3 axb5 23. Rxg8+ Kxg8 24. Nxb5 1-0